Cultura Geral - Statistics

Estatísticas Gerais
  • Esse quiz foi jogado 31 vezes
  • A pontuação média é 7 de 15
Estatísticas das Respostas
Hint Resposta % Correto
Qual é o feminino de duque? Duquesa
88%
Quem é o CEO da Tesla Motors e Space X? Elon Musk
84%
Qual pássaro é cor de rosa? Flamingo
84%
Quem canta a música What do you mean? Justin Bieber
60%
Qual é a língua mais falada em Genebra? Francês
56%
Qual filme de animação de 2005 tem o nome de uma ilha no Oceano Índico? Madagáscar
48%
Em que disciplina os alunos são frequentemente solicitados a usar uma bússola e um transferidor? Geometria
44%
Qual é o slogan do McDonald's? I'm Lovin' It
40%
Que cantora pop estrelou em "Evita"? Madonna
40%
Com quem Nicole Kidman se casou? Tom Cruise
36%
Qual filme apresentou a música "(I've Had) The Time of My Life"? Dirty Dancing
32%
Qual das renas do Pai Natal é mais conhecida? Rodolfo
28%
Quem foi assassinado em Memphis? Martin Luther King, Jr.
20%
Que animal os alemães chamam de Schwein? Porco
16%
Em que país você encontraria as cidades de Fallujah e Tikrit? Iraque
12%
Nenhum quiz correspondente encontrado
Distribuição das Pontuações
Porcentagem de Pessoas com Cada Pontuação
Percentil de Números Respondidos
Sua Pontuação Histórica
Você não jogou esse quiz